Современные медиакоммуникационные системы методические указания по выполнению практических работ магистрантов 42.04.01 «реклама и связи с общественностью»
Методические указания оставлены в соответствии с учебным планом магистерской программы «Маркетинговые коммуникации в государственных и бизнес структурах» и рабочей программой дисциплины «Современные медиакоммуникационные системы» по направлению магистратуры 42.04.01 «Реклама и связи с общественность...
Сохранить в:
| Формат: | Книга |
|---|---|
| Язык: | Russian |
| Опубликовано: |
Сочи
СГУ
2023
|
| Online-ссылка: | https://e.lanbook.com/book/417194 https://e.lanbook.com/img/cover/book/417194.jpg |
| Метки: |
Добавить метку
Нет меток, Требуется 1-ая метка записи!
|
| LEADER | 02962nam0a2200241 i 4500 | ||
|---|---|---|---|
| 001 | 417194 | ||
| 003 | RuSpLAN | ||
| 005 | 20240627160424.0 | ||
| 008 | 240627s2023 ru gs 000 0 rus | ||
| 040 | |a RuSpLAN | ||
| 041 | 0 | |a rus | |
| 044 | |a ru | ||
| 080 | |a 659.1 | ||
| 245 | 0 | 0 | |a Современные медиакоммуникационные системы |b методические указания по выполнению практических работ магистрантов 42.04.01 «реклама и связи с общественностью» |
| 260 | |a Сочи |b СГУ |c 2023 | ||
| 300 | |a 24 с. | ||
| 504 | |a Библиогр.: доступна в карточке книги, на сайте ЭБС Лань | ||
| 520 | 8 | |a Методические указания оставлены в соответствии с учебным планом магистерской программы «Маркетинговые коммуникации в государственных и бизнес структурах» и рабочей программой дисциплины «Современные медиакоммуникационные системы» по направлению магистратуры 42.04.01 «Реклама и связи с общественностью». Изложены практические основы современных медиакоммуникаций и медиасистем, приведены краткие теоретические сведения по изучаемым разделам курса, задания для практических работ. В методических комментариях акцентируются наиболее важные моменты, на которые необходимо обратить внимание при выполнении практических работ по дисциплине «Современные медиакоммуникационные системы». Для студентов всех форм обучения по направлению подготовки магистров 42.04.01 «Реклама и связи с общественностью», изучающих дисциплину «Современные медиакоммуникационные системы». Разработано в соответствии с требованиями Федерального государственного образовательного стандарта магистратуры по направлению 42.04.01 «Реклама и связи с общественностью». | |
| 521 | 8 | |a Книга из коллекции СГУ - Журналистика и медиабизнес | |
| 521 | 8 | |a СЭБ | |
| 856 | 4 | |u https://e.lanbook.com/book/417194 | |
| 856 | 4 | 8 | |u https://e.lanbook.com/img/cover/book/417194.jpg |
| 953 | |a https://e.lanbook.com/img/cover/book/417194.jpg | ||